1802 1411 1229 1396 1588 1849 1336 1519 1982 1731 1714 1979 1583 1668 1527 1358 1502 1938 1701 1613 1867 1863 1424 1941 1237 1503 1811 1409 1069 1119 1072 1927 1247 1306 1198 1236 1380 1267 1480 1210 1880 1668 1195 1085 1154 1862 1683 1802 1652 1879 1026 1915 1213 1211 1390 1411 1135 1961 1156 1596 1250 1539 1245 1865 1448 1748 1858 1882 1846 1765 1514 1505 1255 1980 1511 1723 1031 1696 1602 1175 1302 1526 1586 1231 1500 1667 1171 1662 1638 1838 1215 1912 1823 1525 1166 1475 1623 1629 1408 BCNSPRNW ULIB Ver.6.0+V

เปลี่ยนเป็นภาษาไทย

Change to English
 แสดงรายละเอียดบรรณานุกรม
  กลับหน้าหลัก

Brief Record : Get Marc (ISO 2709) : E-mail record : QR code < ปิดหน้าต่าง
LEADER : 00000nam 2200000uu 4500
001    13399120339
003     ULIB
008    120918s2547||||th 000 0 tha d
020    ^a9746573347
060 04 ^aWY157.6^bม293ก 2547
100 0  ^aมรรยาท ณ นคร
245 10 ^aการพยาบาลผู้ป่วยกระดูกหักที่ได้รับการยึดตรึงด้วยวัสดุภายในร่างกาย /^cมรรยาท ณ นคร
250    ^aพิมพ์ครั้งที่ 2
260    ^aเชียงใหม่ :^bโครงการตำรา คณะพยาบาลศาสตร์มหาวิทยาลัยเชียงใหม่,^c2547
300    ^aก-ณ, 138 หน้า :^bภาพประกอบ ;^c27 ซม.
650  7 ^aการตรึงกระดูกหัก
650  7 ^aกระดูกหัก^xการพยาบาล
650  7 ^aกระดูกหักแบบเปิด
650  7 ^aการพยาบาลออร์โธปิดิคส์
710 2  ^aมหาวิทยาลัยเชียงใหม่. ^bคณะพยาบาลศาสตร์
945    ^p185^l0^i13859
995    ^aวิภา
999    ^aใช้งานได้ทุกระบบ
รายการนี้ยังไม่มีแท็ก
คุณยังไม่ได้ล็อกอิน คุณสามารถมีกิจกรรมร่วมกับเว็บไซต์ได้ แต่ต้องล็อกอินก่อน ::
  ล็อกอิน

รายการสื่อสารสนเทศ

ลำดับที่ ประเภท เลขเรียก/บาร์โค้ด สถานที่ สถานะ
1. วิทยาศาสตร์การแพทย์ และสุขภาพ
วิทยาศาสตร์การแพทย์ และสุขภาพ
WY157.6 ม293ก 2547  
  Barcode: 13859
ห้องสมุดวิทยาเขตสวรรค์ประชารักษ์
►หนังสือทั่วไป
ถูกยืม กำหนดส่งวันที่ 11 พฤษภาคม 2558
  จอง

รายการใกล้เคียง
    ผู้แต่ง [มรรยาท ณ นคร]

    หัวเรื่อง [การตรึงกระดูกหัก]
    หัวเรื่อง [กระดูกหักแบบเปิด]
    หัวเรื่อง [การพยาบาลออร์โธปิดิคส์]

BibComment


ยังไม่เคยถูกคอมเมนท์

คอมเมนท์ทรัพยากรรายการนี้
  คอมเมนท์: การพยาบาลผู้ป่วย..


 Copyright 2026. Bcnsprnw @Library